LEADER 01508nam--2200433---450- 001 990000422430203316 005 20101122114349.0 010 $a88-14-01699-2 035 $a0042243 035 $aUSA010042243 035 $a(ALEPH)000042243USA01 035 $a0042243 100 $a20010502d1988----km-y0itay0103----ba 101 $aita 102 $aIT 105 $a||||||||001yy 200 1 $a<> controllo dei costi di politica e di struttura$fAnna Maria Arcari 210 $aMilano$cA. Giuffrè$d1988 215 $aXVI, 172 p.$d23 cm 225 2 $aUniversità L. Bocconi, Dipartimento di economia aziendale$v129 225 2 $aAmministrazione e controllo$v15 410 $12001$aUniversità L. Bocconi, Dipartimento di economia aziendale$v129 410 1 $12001$aAmministrazione e controllo$v15 461 1$1001-------$12001 606 0 $aAziende industriali$xCosti di struttura$xControllo 606 0 $aAziende industriali$xCosti di politica$xControllo 676 $a338.51 700 1$aARCARI,$bAnna Maria$089294 801 0$aIT$bsalbc$gISBD 912 $a990000422430203316 951 $aXXX.B. Coll. 193/ 76 (X 32 XXV 15)$b64842 EC$cXXX.B. Coll. 193/ 76 (X 32 XXV)$d00275595 959 $aBK 969 $aECO 979 $aPATTY$b90$c20010502$lUSA01$h1640 979 $c20020403$lUSA01$h1650 979 $aPATRY$b90$c20040406$lUSA01$h1629 979 $aRSIAV2$b90$c20101122$lUSA01$h1143 996 $aControllo dei costi di politica e di struttura$9427067 997 $aUNISA